00270nam a2200097Ia 450000500170000000800410001702000180005804100080007610000270008424500610011120260330112750.0260330s9999||||xx |||||||||||||| ||und|| a9789587585292 aspa aOsorio Villada, Andrea 0aTomatina Curatodo, Cura Nada Sin Amor / cMaria Del Sol